Filmographie Paul Verhoeven - Statistiques

Statistiques générales
  • Ce quiz a été pris 26 fois
  • Le résultat moyen est 9 sur 17
Statistiques - réponses
Année Films % Correct
1987 RoboCop
91%
1992 Basic Instinct
77%
2016 Elle
77%
1997 Starship Troopers
77%
1995 Showgirls
68%
1990 Total Recall
68%
2021 Benedetta
64%
2000 Hollow Man : L'Homme sans ombre
64%
2006 Black Book
50%
1985 La Chair et le Sang
41%
1980 Spetters
41%
1973 Turkish Délices
41%
1975 Katie Tippel
27%
1983 Le Quatrième Homme
27%
1971 Qu'est-ce que je vois ? (Business is Business)
27%
1977 Soldier of Orange - Le Choix du destin
27%
2012(téléfilm) Tricked
18%
Aucun quiz correspondant
Distribution des résultats
% des personnes avec chaque résultat
Percentile par nombre de réponses
Votre historique - résultats
Vous n’avez pas pris ce quiz